Statistics for List of coutries by Nobel laureates per capita

Click here to take the quiz!

General Stats

  • This quiz has been taken 64 times
  • The average score is 14 of 20

Answer Stats

CountryLaureates / 10 million% Correct
United States11.0
100%
Norway24.9
97%
Sweden35.3
97%
France9.5
95%
United Kingdom19.3
95%
Switzerland30.1
90%
Netherlands11.2
89%
Belgium8.9
87%
Denmark24.7
87%
Germany13.0
87%
Austria24.6
84%
Ireland17.0
82%
Luxembourg108.1
74%
Iceland30.4
69%
Israel14.9
64%
Hungary17.1
59%
Cyprus8.6
23%
Saint Lucia207.5
15%
East Timor16.9
8%
Trinidad and Tobago7.4
8%

Score Distribution

Percentile by Number Answered

Percent of People with Each Score

Your Score History

You have not taken this quiz